000 01081cam a2200301 4500
008 090401t1997 xxu||||| |||| 00| 0 eng d
020 _a0421538902
035 _a(Sirsi) u31446
041 _aeng
050 _a692.8094
100 _aGeddes, Andrew
245 _aPublic and utility procurement : a practical guide to the UK regulations and associated community rules.
250 _a2nd ed.
260 _aLondon
_bSweet & Maxwell
_c1997
300 _axxiv,281p. ; 24cm.
350 _a70
520 _aA practical guide to procurement, covering the tendering and bidding process for public and utility procurement contracts. Includes full text of the relevant regulations.
650 _aEC DIRECTIVES
650 _aEUROPEAN COMMUNITY
650 _aPUBLIC PROCUREMENT
650 _aPUBLIC SERVICES CONTRACTS REGULATIONS 1993
650 _aPUBLIC SUPPLY CONTRACTS REGULATIONS 1995
650 _aPUBLIC WORKS CONTRACTS REGULATIONS 1991
650 _aUTILITIES CONTRACTS REGULATIONS 1996
690 _aEUROPE-SINGLE MARKET
942 _n0
948 _c04/03/1997
999 _c89595
_d89595